00590nam a22001817a 4500003000400000008004100004020001800045082001700063100001700080245007700097260005300174300001700227650003400244650005000278650004300328700002000371700001700391OSt260605b |||||||| |||| 00| 0 eng d a9789386200853 a662.88bS61K aSingh, Renu  aKrishi Avshesho Sae Jaivindhan/bby Renu Singh, Ranbir Singh, O.P. Singh aDelhi: bSatish Serial Publishing House, c2018. axiii, 206 p. aTechnology (Applied sciences) aChemical engineering and related technologies aBiomass fuels from wastes and residues aSingh, Ranbir  aSingh, O.P.